LDR 01280naa#a2200229#i#450# 001 RU\\bibl\120795 005 20260606074100.6 011 ## _a0235-2524 100 ## _a20260512b2026####ek#y0rusy0150####ca 102 ## _aRU 200 1# _aВлияние выноса тяжелых металлов из донных отложений водоемов на качество воды _eЖурнальная статья 210 1# _aМосква _cАНО «Редакция журнала «Мелиорация и водное хозяйство» _d2026 215 ## _a0 с. 606 ## _aСельское хозяйство. 35.06.01 _2local 608 ## _aЖурнальная статья _2local 675 ## _aОтложения. Песчаные отмели. Наносы (взвешенные и донные наносы, песок, гравий, ил). 627.157 _z 686 ## _aЕстественнонаучные и технические основы сельского хозяйства. 40 _2bbk 686 ## _aОбщие вопросы. 5640 _2tbk 686 ## _aСельскохозяйственная мелиорация. 68.31 _2grnti 700 #1 _aТолкачев _gГлеб Юрьевич 700 #1 _aКорженевский _gБорис Игоревич 856 4# _amivh.editorum.ru _u